| 000 -LEADER |
| fixed length control field |
00914cam a2200253 4500 |
| 001 - CONTROL NUMBER |
| control field |
350177 |
| 003 - CONTROL NUMBER IDENTIFIER |
| control field |
OSt |
| 005 - DATE AND TIME OF LATEST TRANSACTION |
| control field |
20250904110650.0 |
| 008 - FIXED-LENGTH DATA ELEMENTS--GENERAL INFORMATION |
| fixed length control field |
221003r20161986enkabc j 000 0aeng |
| 020 ## - INTERNATIONAL STANDARD BOOK NUMBER |
| International Standard Book Number |
9780141371412 |
| 040 ## - CATALOGING SOURCE |
| Original cataloging agency |
KLCC |
| Transcribing agency |
KH8 |
| 042 ## - AUTHENTICATION CODE |
| Authentication code |
nbic |
| 082 ## - DEWEY DECIMAL CLASSIFICATION NUMBER |
| Classification number |
FIC DAH |
| 100 1# - MAIN ENTRY--PERSONAL NAME |
| Personal name |
Dahl, Roald, |
| Relator term |
aut. |
| 245 10 - TITLE STATEMENT |
| Title |
Going solo / |
| Statement of responsibility, etc. |
Roald Dahl ; illustrated by Quentin Blake. |
| 260 ## - PUBLICATION, DISTRIBUTION, ETC. |
| Place of publication, distribution, etc. |
[London] : |
| Name of publisher, distributor, etc. |
Puffin Books, |
| Date of publication, distribution, etc. |
2016, c1986. |
| 300 ## - PHYSICAL DESCRIPTION |
| Extent |
[210] p. : |
| Other physical details |
ill., maps, port. ; |
| Dimensions |
20 cm. |
| 520 ## - SUMMARY, ETC. |
| Summary, etc. |
As a young man working in East Africa for the Shell Company, Roald Dahl recounts his adventures living in the jungle and later flying a fighter plane in World War II. |
| 600 10 - SUBJECT ADDED ENTRY--PERSONAL NAME |
| Personal name |
Dahl, Roald |
| General subdivision |
Juvenile literature. |
| 650 #0 - SUBJECT ADDED ENTRY--TOPICAL TERM |
| Topical term or geographic name entry element |
Authors, English |
| Chronological subdivision |
20th century |
| General subdivision |
Biography. |
| 650 #0 - SUBJECT ADDED ENTRY--TOPICAL TERM |
| Topical term or geographic name entry element |
World War, 1939-1945 |
| General subdivision |
Personal narratives, British. |
| 700 1# - ADDED ENTRY--PERSONAL NAME |
| Personal name |
Blake, Quentin, |
| Relator term |
ill. |
| 942 ## - ADDED ENTRY ELEMENTS (KOHA) |
| Source of classification or shelving scheme |
|
| Koha item type |
Books - Fiction |